Los supermercados (Registro nro. 2972)

Detalles MARC
000 -LEADER
fixed length control field 01388 a2200193 4500
001 - CONTROL NUMBER
control field 39189
005 - DATE AND TIME OF LATEST TRANSACTION
control field 20260407155650.0
008 - FIXED-LENGTH DATA ELEMENTS--GENERAL INFORMATION
fixed length control field 260407a1959 arg spa d
003 - CONTROL NUMBER IDENTIFIER
control field AR-UNSa-BCEJYS
040 ## - CATALOGING SOURCE
Original cataloging agency AR-UNSa-BCEJYS
Language of cataloging spa
Transcribing agency AR-UNSa-BCEJYS
080 ## - UNIVERSAL DECIMAL CLASSIFICATION NUMBER
Universal Decimal Classification number 658.8
Common auxiliary subdivision Organización de mercados. Marketing. Ventas. Distribución
100 1# - MAIN ENTRY--PERSONAL NAME
Personal name Zimmerman, M.M.
245 10 - TITLE STATEMENT
Title Los supermercados
264 #1 - PRODUCTION, PUBLICATION, DISTRIBUTION, MANUFACTURE, AND COPYRIGHT NOTICE
Place of production, publication, distribution, manufacture Madrid :
Name of producer, publisher, distributor, manufacturer Ediciones Rialp
Date of production, publication, distribution, manufacture, or copyright notice 1959
300 ## - PHYSICAL DESCRIPTION
Extent 410 p.
Dimensions 25 cm.
505 ## - FORMATTED CONTENTS NOTE
Formatted contents note 1. Panorama nacional del ramo de la alimentación norteamericano hasta 1930 - 2. El origen del supermercado - 3. Una industria recién llegada que revoluciona - 4. El supermercado comienza su expansión - 5. La historia del super Market Institute - 6. Los supermercados, llegados a la mayoría de edad, se enfrentan con los problemas de la segunda guerra mundial - 7. El período de la posguerra - 8. El supermercado - 9. Distribución interior del supermercado - 10. Los departamentos de productos alimenticios: ultramarinos, carnes, frutas y verduras frescas - 11. Los artículos no alimenticios.su rápido desarrollo y su importancia - 12. Publicidad y fomento de ventas - 13. Relaciones con los empleados - 14. Influencia del supermercado sobre el autoservicio en todo el mundo - 15. La contribución del supermercado la economía nacional.
590 ## - LOCAL NOTE (RLIN)
Local note niveau_biblio:m niveau_hierar:0
942 ## - ADDED ENTRY ELEMENTS (KOHA)
Koha item type
Existencias
Withdrawn status Lost status Damaged status Not for loan Home library Current library Shelving location Date acquired Total checkouts Full call number Barcode Date last seen Price effective from Koha item type
        Biblioteca Prof. Eusebio Cleto del Rey Biblioteca Prof. Eusebio Cleto del Rey   07/04/2026   658.8 Z71 L21108 07/04/2026 07/04/2026 Libro